What Countries Don't Recognize Israel - Statistics

General Stats
  • This quiz has been taken 23 times
  • The average score is 26 of 28
Answers on the Map
Answers color-coded by a green-red scale on the quiz's map according to % correct below.
 
Answer Stats
Answer % Correct
Afganistan
100%
Algeria
95%
Brunei
95%
Cuba
95%
Indonesia
95%
Iran
95%
Lebanon
95%
Libya
95%
Malaysia
95%
Maldives
95%
Mauritius
95%
Niger
95%
North Korea
95%
Pakistan
95%
Saudi Arabia
95%
Somalia
95%
Syria
95%
Tunisia
95%
Venezuela
95%
Yemen
95%
Bangladesh
91%
Djibouti
91%
Iraq
91%
Kuwait
91%
Qatar
91%
Mali
86%
Oman
86%
Comoros
77%
No matching quizzes found
Score Distribution
Percent of People with Each Score
Percentile by Number Answered
Your Score History
You have not taken this quiz